000 02642cam a2200505 i 4500
001 zz2004848177
003 NUKAT
005 20260429212542.0
008 040504s1936 pl |000 0 pol c
035 _a(OCoLC)1424196596
035 _a(NUKAT)zz2004848177
040 _aGD U/TZ
_bpol
_erda
_cGD U/TZ
_dGD U/TZ
_dGD U/TZs
_dGD U/Doro
_dOLSZT 008/AL
245 0 0 _aPolska w czasie wielkiej wojny (1914-1918).
_nT. 3,
_pHistorja ekonomiczna /
_cFundacja Pokojowa Carnegiego.
246 1 5 _aHistorja ekonomiczna
260 _aWarszawa :
_bTowarzystwo Badania Zagadnień Międzynarodowych,
_c1936.
300 _a489 stron ;
_c25 cm.
336 _aTekst
_btxt
_2rdacontent
337 _aBez urządzenia pośredniczącego
_bn
_2rdamedia
338 _aWolumin
_bnc
_2rdacarrier
380 _aKsiążki
490 1 _aPolska w czasie wielkiej wojny (1914-1918). Historja społeczna i ekonomiczna / pod red. Marcelego Handelsmana ;
_vt. 3
490 1 _aBiblioteka Historyczna Towarzystwa Badania Zagadnień Międzynarodowych ;
_vt. 3
500 _aStrona przedtytułowa: Wydawnictwo Fundacji Pokojowej Carnegiego. Oddział Ekonomiczno-Historyczny / pod redakcją James T. Shotwell'a.
504 _aBibliografia przy dziełach współwydanych.
505 0 _aZniszczenia i szkody wojenne / Józef Bankiewicz, Bohdan Domosławski. Przemysł i handel Polski / Hipolit Gliwic. Rolnictwo Polski 1914-1920 / Władysław Grabski, Józef Stojanowski, Jan Warężak.
648 7 _a1901-2000
_2DBN
_934996
648 7 _a1914-1918
_2DBN
_936040
650 7 _aGospodarka
_2DBN
_935937
650 7 _aSzkody wojenne
_zPolska
_y1900-1945.
_2kaba
_940936
650 7 _aWojna światowa (1914-1918)
_xzniszczenia i grabież
_zPolska.
_2kaba
_940937
651 7 _aPolska
_2DBN
_935076
658 _aGospodarka, ekonomia, finanse
700 1 _aDomosławski, Bohdan.
_eAutor
_940938
700 1 _aHandelsman, Marceli
_d(1882-1945).
_eRedakcja
_9877
700 1 _aStojanowski, Józef.
_eAutor
_940939
700 1 _aWarężak, Jan
_d(1896-1967).
_eAutor
_940940
700 1 2 _aBankiewicz, Józef.
_tZniszczenia i szkody wojenne
_l(pol.)
_940943
700 1 2 _aGliwic, Hipolit
_d(1878-1943).
_tPrzemysł i handel Polski
_l(pol.)
_940944
700 1 2 _aGrabski, Władysław
_d(1874-1938).
_tRolnictwo Polski 1914-1920
_l(pol.)
_91642
710 2 _aCarnegie Corporation of New York.
_eInstytucja sprawcza
_940941
710 2 _aTowarzystwo Badania Zagadnień Międzynarodowych.
_eWydawca
_4pbl
_940942
830 0 _aPolska w czasie wielkiej wojny (1914-1918)
_vt. 3
830 0 _aBiblioteka Historyczna Towarzystwa Badania Zagadnień Międzynarodowych
_vt. 3
_940945
942 _2ddc
_cBK_NM
999 _c27884
_d27884